BIBLIOTECA PODER JUDICIAL
Portal Judicial TDF

La partición por donación y la valuación de los bienes : (Registro nro. 5266)

000 -LEADER
fixed length control field 01969nab a22002777a 4500
003 - CONTROL NUMBER IDENTIFIER
control field OSt
005 - DATE AND TIME OF LATEST TRANSACTION
control field 20250209230352.0
008 - FIXED-LENGTH DATA ELEMENTS--GENERAL INFORMATION
fixed length control field 190603e xxum|||| |||| 00| 0 spa d
040 ## - CATALOGING SOURCE
Transcribing agency PJ
100 ## - MAIN ENTRY--PERSONAL NAME
9 (RLIN) 4896
Personal name Rolón, Avelino
245 13 - TITLE STATEMENT
Title La partición por donación y la valuación de los bienes :
Remainder of title un caso resuelto bajo el Código Civil derogado. Su probable y diferente desenlace según el Código Civil y Comercial. La perspectiva de género en el derecho sucesorio /
Statement of responsibility, etc Avelino Rolon.
260 ## - PUBLICATION, DISTRIBUTION, ETC. (IMPRINT)
Date of publication, distribution, etc Ciudad Autónoma de Buenos Aires :
Place of publication, distribution, etc Thomson Reuters La Ley,
Name of publisher, distributor, etc 2025.
300 ## - PHYSICAL DESCRIPTION
Extent p. 244-251.
500 ## - GENERAL NOTE
General note Cita Online: TR LALEY AR/DOC/57/2025.<br/>Publicado en: RCCyC 2025 (febrero) , 244.
505 ## - FORMATTED CONTENTS NOTE
Formatted contents note Sumario: I. Introducción.— II. Los hechos del caso.— III. La partición por ascendientes. Variantes: por testamento y por donación.— IV. La justicia de la decisión a la luz de la regla de valuación de los bienes en la partición por donación según el Cód. Civil. Algunos elementos de hecho que no habrían sido probados y que podrían haber conducido a una solución diferente (cuestión de género aparte).— V. ¿Cuál sería la solución bajo el Cód. Civ. y Com.? ¿Cuándo se valúan los bienes en una partición por donación?— VI. La perspectiva de género.— VII. Conclusiones.
505 ## - FORMATTED CONTENTS NOTE
Formatted contents note Fallo Comentado: SC Mendoza, sala I ~ 05/08/2024 ~ Z., M. C. c. Z., J.A. y otros s/ acciones sucesorias s/ recurso extraordinario provincial.
505 ## - FORMATTED CONTENTS NOTE
Title ¿Te interesa el texto completo? Solicitalo al correo: koha@justierradelfuego.gov.ar
650 #0 - SUBJECT ADDED ENTRY--TOPICAL TERM
9 (RLIN) 888
Topical term or geographic name as entry element SUCESIONES
650 #0 - SUBJECT ADDED ENTRY--TOPICAL TERM
9 (RLIN) 1037
Topical term or geographic name as entry element HERENCIA
650 #0 - SUBJECT ADDED ENTRY--TOPICAL TERM
9 (RLIN) 4553
Topical term or geographic name as entry element PARTICION DE LA HERENCIA
650 #0 - SUBJECT ADDED ENTRY--TOPICAL TERM
9 (RLIN) 4044
Topical term or geographic name as entry element PERSPECTIVA DE GÉNERO
650 #0 - SUBJECT ADDED ENTRY--TOPICAL TERM
9 (RLIN) 1679
Topical term or geographic name as entry element SOCIEDAD DE FAMILIA
653 ## - INDEX TERM--UNCONTROLLED
Uncontrolled term PROCESO SUCESORIO
773 0# - HOST ITEM ENTRY
Host Biblionumber 2713
Host Itemnumber 3170
Place, publisher, and date of publication Ciudad Autónoma de Buenos Aires : Thomson Reuters La Ley, 2015-
Title Revista Código Civil y Comercial. Nº 1 - Febrero 2025
942 ## - ADDED ENTRY ELEMENTS (KOHA)
Source of classification or shelving scheme
Koha item type Analítica Artículo de Revista

No hay ítems disponibles.

12 de Octubre 789 Ushuaia - Tel:  54(02901)441571
Horario de Atención: 8.00 a 17.00 hs. 
bibliotecaush@justierradelfuego.gov.ar
koha@justierradelfuego.gov.ar
Seguinos en nuestras redes @bibliojustdf 

Con tecnología Koha